LDR 01117nam a2200229 4500 001 000000366834 003 CaOOAMICUS 005 20260313100232.0 008 260313s2025 it 000 u ita r 020 $a978-88-266-1030-6 040 $aSeMil$bita 110 0 $aChiesa cattolica : Dicastero per i testi legislativi.$0(OLS)http://semarc/name/123917 245 10$aLex Ecclesiae Fundamentalis :$bdocumenti del processo di elaborazione, 1959-1983 /$cDicastero per i testi legislativi. 264 1$aCittà del Vaticano :$bLibreria Editrice Vaticana,$c2025. 300 $a1309 p. ;$c25 cm 650 4$aLex Ecclesiae Fundamentalis.$0(OLS)http://semarc/subject/49713 850 $aSeMil 852 $aSeMil$W1$xVenegono$y1$m2J VI 42$j268422$B257602$CSeMilBibl$Z2$F257602 $81 996 $6020$a978-88-266-1030-6$9(OLS)http://semarc/number/305500 996 $6245$aLex Ecclesiae Fundamentalis :$bdocumenti del processo di elaborazione, 1959-1983$9(OLS)http://semarc/title/458619 996 $6264$aCittà del Vaticano :$bLibreria Editrice Vaticana$9(OLS)http://semarc/publisher/29734